| 000 | 00418 a2200109 4500 | ||
|---|---|---|---|
| 001 | ART_23116 | ||
| 005 | 20260410161929.0 | ||
| 008 | 260409a | ||
| 245 | 1 | 0 | _aLa influencia de la filosofía política de Hobbes en el mercantilismo |
| 100 | 1 | _aLetizia, Francisco | |
| 773 | 0 |
_tRevista de la Facultad de Ciencias Económicas de la Universidad de Cuyo _g- Año XXXV, Nº 87 (ene./jun. 1983) _wREV22981 |
|
| 999 |
_c28387 _d28387 |
||